00802nam a22002057a 450000500170000001000150001702000260003203500130005803700130007110000160008424501360010026000320023627000750026830000230034350000500036670000170041694200170043399900170045095201290046720130624143540.0 aENG-107718 a9789382601159c350.00 aEN-91251 bDBAD/PUB aBoss, Suzie aReinventing project-based learning :cby Suzie Boss [and] Jane Kraussbyour field guide to real-world projects in the digital age / aUttar PradeshbeVookzc2013 a10, Parshawanath Edens, Sector, Alpha-II, Greater NoidabUttar Pradesh ax,200p.c28cm(pbk) aIncludes bibliographical references and index aKrauss, Jane 2ddccENmBOS c76899d76899 001040718NFICaDBADbDBADd2013-06-24eDBAD/PUBg350.00l0oBOSpEN-91251r2013-06-24 00:00:00t1v350.00w2013-06-24yEN